AH International Schools' Libraries

There was an old lady who swallowed a chick! / (Record no. 48505)

MARC details
000 -LEADER
fixed length control field 00332nam a2200109 4500
020 ## - INTERNATIONAL STANDARD BOOK NUMBER
International Standard Book Number 9780545161817
100 ## - MAIN ENTRY--PERSONAL NAME
Personal name Colandro, Lucille
9 (RLIN) 15481
245 ## - TITLE STATEMENT
Title There was an old lady who swallowed a chick! /
Statement of responsibility, etc Lucille Colandro & Jared Lee
260 ## - PUBLICATION, DISTRIBUTION, ETC. (IMPRINT)
Place of publication, distribution, etc New York
Name of publisher, distributor, etc Scholastic
Date of publication, distribution, etc 2010
300 ## - PHYSICAL DESCRIPTION
Extent unpaged.
Other physical details col. ill.
Dimensions 26 cm.
942 ## - ADDED ENTRY ELEMENTS (KOHA)
Source of classification or shelving scheme
Koha item type Book
Holdings
Withdrawn status Lost status Source of classification or shelving scheme Damaged status Not for loan Home library Current library Shelving location Date acquired Total Checkouts Full call number Barcode Checked out Date last seen Date checked out Price effective from Koha item type
          Asian Hope Early Years Library Asian Hope Early Years Library Easy Reading 03/03/2025 7 E COL 207285 04/02/2026 04/02/2026 04/02/2026 03/03/2025 Book

For any Logos Library related questions please contact Miss Art at swongnarasuk@asianhope.org.

For any Asian Hope Library related questions please contact Miss Raza at graza@asianhope.org.

Powered by Koha